Titanic de A à Z - Statistiques

Statistiques générales
  • Ce quiz a été pris 1 425 fois
  • Le résultat moyen est 19 sur 26
Statistiques - réponses
Hint Réponse % Correct
A Océan où a eu lieu le naufrage Atlantique
95%
I Ce qui a provoqué sa collision Iceberg
93%
D Interprète de "My heart with go on", générique du film Céline Dion
91%
J Prénom du personnage joué par Léonardo DiCaprio Jack Dawson
89%
N Moment de la journée où le drame s'est déroulé Nuit
89%
Y Ville de sa destination New- ___ York
89%
Q Nombre de cheminées Quatre
88%
V Citez l'un des instruments de l'orchestre : Violon | Violoncelle
88%
K Prénom de l'actrice principale du film de 1997 Kate Winslet
85%
O Le film de 1997 en a reçu 11 sur les 14 nominations Oscars
85%
X Durant quel siècle a-t-il fait naufrage ? XXème
84%
P Le Titanic était ce genre de navire Paquebot
81%
C Réalisateur du film en 1997 James Cameron
79%
F Nationalité d'un des musiciens de l'orchestre Française
78%
M Il en faisait 269 de long Mètres
73%
G Qualificatif de sa taille, plus que grande Gigantesque
72%
Z Combien d'année(s) avait la plus jeune rescapée ? Zéro (2 mois)
70%
R Ils n'étaient malheureusement que 700 Rescapés
68%
T Il a coulé au large de cette grande île, ___- Neuve Terre-Neuve
68%
H Il en possédait 3 dont 2 latérales à 3 pales Hélices
58%
E Prénom du capitaine Smith Edward John
53%
B Ville d'Irlande du Nord où il a été construit Belfast
48%
W Nom de la Compagnie Maritime : ___ Star Line White Star Line
46%
U Son épave est désormais protégée par cette institution UNESCO
43%
S Ville d'où il est parti Southampton
41%
L Son port d'attache en Angleterre Liverpool
39%
Aucun quiz correspondant
Distribution des résultats
% des personnes avec chaque résultat
Percentile par nombre de réponses
Votre historique - résultats
Vous n’avez pas pris ce quiz